[Event "3' Torneo  ' Un matto all'ora'"]
[Site "Civitanova Marche (MC)"]
[Date "2023.12.10"]
[Round "5"]
[White "Fontanella, Daniel"]
[Black "Medorini, Massimiliano"]
[Result "0-1"]
[WhiteElo "1364"]
[BlackElo "1835"]
[Annotator " "]
[PlyCount "128"]
[EventDate "2023.??.??"]
[SourceDate "2023.12.10"]

1. b3 b6 2. Bb2 Bb7 3. e3 Nf6 4. Nf3 g6 5. Be2 Bg7 6. d4 d5 7. O-O O-O 8. c4 e6
9. Nc3 Nbd7 10. Qc2 a6 11. h3 Rc8 12. Rfd1 Qe7 13. Rac1 Rfd8 14. Na4 Ne4 15.
Nd2 Ndf6 16. Nxe4 Nxe4 17. c5 b5 18. Nc3 Nxc3 19. Bxc3 c6 20. Ba5 Re8 21. a4
Ra8 22. axb5 axb5 23. Qd2 e5 24. Re1 Bc8 25. Bc3 Qg5 26. Kh1 Qh4 27. Bf1 Bf5
28. dxe5 Bxe5 29. Bxe5 Rxe5 30. Ra1 Rae8 31. g3 Qh6 32. Kh2 Bxh3 33. Bxh3 Rh5
34. Kg2 Rxh3 35. Rh1 Rxh1 36. Rxh1 Qg5 37. Qa5 Qe5 38. Rh4 Qb2 39. Qc7 Re6 40.
Rf4 Rf6 41. Qd8+ Kg7 42. Rxf6 Qxf6 43. Qe8 Qe6 44. Qb8 d4 45. exd4 Qd5+ 46. Kg1
Qxd4 47. Qb6 Qd5 48. b4 Kf6 49. Qc7 h5 50. Qf4+ Ke6 51. Qe3+ Qe5 52. Qb3+ Qd5
53. Qe3+ Kd7 54. Qa3 g5 55. Qa7+ Ke6 56. Qa3 Kf5 57. Qc3 h4 58. gxh4 gxh4 59.
Qh3+ Kg6 60. Qc3 Qe4 61. Qd2 h3 62. Qd6+ Kg5 63. Qd2+ Kh5 64. f3 Qxf3 0-1